000 01080nam a2200289 i 4500
001 178167
003 ES-MaACL
005 20250911063606.0
007 t|
008 110520s2010 sp o r ||||1| spa d
080 _a341.48(460)
080 _a323.281(460)"1936/39"
080 _a323.281(460)"1939/75"
100 1 _aGarzón, Baltasar,
_d1955-
_955817
245 1 0 _aGarzón contra el franquismo :
_blos autos íntegros del juez sobre los crímenes de la dictadura /
_cprólogo de Carlos Jiménez Villarejo.
260 _a[Madrid] :
_bDiario Público,
_c[2010]
300 _a261 p. :
_bil., fot. ;
_c18 cm.
490 1 _aBiblioteca pensamiento crítico
504 _aBibliografía: p. 125-126.
650 4 _aCrímenes contra la humanidad-
_zEspaña.
_9151585
650 4 _aRepresión política-
_zEspaña-
_y1936-1939.
_9146637
650 4 _aRepresión política-
_zEspaña-
_y1939-1975.
_9145752
700 1 _aJiménez Villarejo, Carlos.
_966627
830 1 _aBiblioteca pensamiento crítico
_9189844
852 4 _aES-MaACL
_jE-15181
999 _c178167
_d178167